[Event "Team Championship Russia (Rapid, Men)"]
[Site "Sochi"]
[Date "2018.10.08"]
[Round "3.26"]
[White "Truskavetsky, Alexandr"]
[Black "Vastrukhin, Oleg"]
[Result "0-1"]
[BlackElo "2574"]
[WhiteElo "2366"]
[LiveChessVersion "1.4.8"]

1. d4 {[%clk 0:15:17]} g6 {[%clk 0:15:19]} 2. c4 {[%clk 0:15:25]} Bg7
{[%clk 0:15:28]} 3. Nf3 {[%clk 0:15:29]} d6 {[%clk 0:15:36]} 4. g3
{[%clk 0:15:31]} e5 {[%clk 0:15:44]} 5. Bg2 {[%clk 0:14:10]} Nc6 {[%clk 0:15:28]}
6. d5 {[%clk 0:14:12]} Nd4 {[%clk 0:14:22]} 7. Nxd4 {[%clk 0:13:47]} exd4
{[%clk 0:14:31]} 8. Nd2 {[%clk 0:13:30]} Ne7 {[%clk 0:14:14]} 9. Nf3
{[%clk 0:13:15]} c5 {[%clk 0:13:32]} 10. dxc6 {[%clk 0:11:14]} Nxc6
{[%clk 0:13:40]} 11. O-O {[%clk 0:11:21]} O-O {[%clk 0:13:48]} 12. Bf4
{[%clk 0:09:50]} Be6 {[%clk 0:12:14]} 13. Rc1 {[%clk 0:09:44]} a5
{[%clk 0:11:44]} 14. Qd2 {[%clk 0:09:37]} Re8 {[%clk 0:11:11]} 15. Bh6
{[%clk 0:08:21]} Bh8 {[%clk 0:11:02]} 16. Ng5 {[%clk 0:07:15]} a4
{[%clk 0:10:24]} 17. h4 {[%clk 0:06:34]} Qa5 {[%clk 0:10:26]} 18. Ne4
{[%clk 0:05:32]} Qxd2 {[%clk 0:10:03]} 19. Bxd2 {[%clk 0:05:41]} d5
{[%clk 0:08:35]} 20. Nc5 {[%clk 0:04:25]} dxc4 {[%clk 0:07:56]} 21. Nxb7
{[%clk 0:04:31]} Ne5 {[%clk 0:06:02]} 22. Nd6 {[%clk 0:04:34]} a3
{[%clk 0:06:11]} 23. bxa3 {[%clk 0:04:06]} c3 {[%clk 0:06:18]} 24. Bxc3
{[%clk 0:03:26]} dxc3 {[%clk 0:06:07]} 25. Nxe8 {[%clk 0:03:33]} Rxe8
{[%clk 0:06:10]} 26. Rxc3 {[%clk 0:03:42]} Nc4 {[%clk 0:05:49]} 27. Rd3
{[%clk 0:03:08]} Bf6 {[%clk 0:05:06]} 28. Rc1 {[%clk 0:02:50]} Nb2
{[%clk 0:04:33]} 29. Rd2 {[%clk 0:02:47]} Kg7 {[%clk 0:04:25]} 30. e3
{[%clk 0:02:08]} Rb8 {[%clk 0:04:19]} 31. Rcc2 {[%clk 0:01:50]} Rb5
{[%clk 0:04:08]} 32. Bc6 {[%clk 0:01:54]} Rb6 {[%clk 0:04:16]} 33. a4
{[%clk 0:02:00]} Nc4 {[%clk 0:04:16]} 34. Bb5 {[%clk 0:01:04]} Nxd2
{[%clk 0:04:23]} 35. Rxd2 {[%clk 0:01:14]} Bc3 36. Rc2 Ba5 {[%clk 0:04:30]} 37.
Rc5 {[%clk 0:01:22]} Bb4 {[%clk 0:04:23]} 38. Rc2 {[%clk 0:01:31]} Rd6
{[%clk 0:04:32]} 39. f4 {[%clk 0:01:09]} Bf5 {[%clk 0:04:29]} 40. Rc7
{[%clk 0:01:11]} Ba5 {[%clk 0:04:12]} 41. Rb7 {[%clk 0:01:09]} Be4
{[%clk 0:04:10]} 42. Re7 {[%clk 0:01:16]} Rd1+ {[%clk 0:04:05]} 43. Kf2
{[%clk 0:01:26]} Rd2+ {[%clk 0:04:12]} 44. Kf1 {[%clk 0:01:11]} Bg2+
{[%clk 0:04:10]} 45. Kg1 {[%clk 0:01:19]} Bd5 {[%clk 0:04:18]} 46. e4
{[%clk 0:01:12]} Bxa2 {[%clk 0:04:21]} 47. Rd7 {[%clk 0:00:54]} Bb6+
{[%clk 0:04:12]} 48. Kf1 {[%clk 0:01:00]} Bc4+ {[%clk 0:03:55]} 49. Ke1
{[%clk 0:01:09]} Re2+ {[%clk 0:03:58]} 50. Kd1 {[%clk 0:01:18]} Rxe4
{[%clk 0:04:07]} 51. Bc6 {[%clk 0:01:14]} Bb3+ {[%clk 0:04:09]} 52. Kd2
{[%clk 0:01:16]} Bxa4 {[%clk 0:04:10]} 53. Rxf7+ {[%clk 0:01:16]} Kxf7
{[%clk 0:04:19]} 54. Bxe4 {[%clk 0:01:25]} Bf2 {[%clk 0:04:27]} 55. h5
{[%clk 0:01:25]} Bxg3 {[%clk 0:04:17]} 56. hxg6+ {[%clk 0:01:34]} hxg6
{[%clk 0:04:26]} 57. Ke3 {[%clk 0:01:40]} Kf6 {[%clk 0:04:32]} 58. Kf3
{[%clk 0:01:30]} Be1 {[%clk 0:04:41]} 59. Bd3 {[%clk 0:01:18]} Bd1+
{[%clk 0:04:50]} 60. Ke3 {[%clk 0:01:24]} Ba5 {[%clk 0:04:55]} 61. Be4
{[%clk 0:00:46]} Bb6+ {[%clk 0:05:02]} 62. Kd2 {[%clk 0:00:47]} Bh5
{[%clk 0:05:10]} 63. Bc2 {[%clk 0:00:49]} Ke7 {[%clk 0:05:18]} 64. Bb3
{[%clk 0:00:43]} Kf6 {[%clk 0:05:24]} 65. Bc2 Ke6 66. Bb1 {[%clk 0:00:54]} Kd5
{[%clk 0:05:30]} 67. Kd3 {[%clk 0:01:02]} Bg4 {[%clk 0:05:18]} 68. Ba2+
{[%clk 0:01:05]} Kd6 {[%clk 0:05:27]} 69. Ke4 {[%clk 0:00:42]} Ke7
{[%clk 0:05:07]} 70. Bc4 {[%clk 0:00:46]} Kf6 {[%clk 0:05:16]} 71. Ba6
{[%clk 0:00:52]} Kg7 {[%clk 0:05:25]} 72. Bb5 {[%clk 0:00:57]} Kh6
{[%clk 0:05:27]} 73. Be8 {[%clk 0:00:51]} Kh5 {[%clk 0:05:36]} 74. Bf7
{[%clk 0:00:50]} Bf5+ {[%clk 0:05:45]} 75. Kf3 {[%clk 0:01:00]} Kh4
{[%clk 0:05:54]} 76. Be8 {[%clk 0:01:03]} Bc7 {[%clk 0:06:01]} 77. Bf7
{[%clk 0:01:12]} Bg4+ {[%clk 0:06:00]} 78. Ke4 {[%clk 0:01:21]} Bd1
{[%clk 0:06:01]} 79. Ke3 {[%clk 0:01:13]} Bc2 {[%clk 0:05:33]} 80. Kf3
{[%clk 0:01:20]} Bf5 {[%clk 0:05:32]} 81. Be8 {[%clk 0:01:27]} Bg4+
{[%clk 0:05:31]} 82. Ke3 {[%clk 0:01:28]} Bh5 {[%clk 0:05:32]} 83. Bd7
{[%clk 0:00:59]} Kg3 {[%clk 0:05:39]} 84. f5 {[%clk 0:00:56]} g5 {[%clk 0:05:46]}
85. Be6 {[%clk 0:00:20]} Be5 {[%clk 0:05:47]} 86. Bd5 {[%clk 0:00:21]} Bf6
{[%clk 0:05:50]} 0-1

[Event "Team Championship Russia (Rapid, Men)"]
[Site "Sochi"]
[Date "2018.10.08"]
[Round "3.27"]
[White "Lugovskoy, Maxim"]
[Black "Linker, Mikhail"]
[Result "1-0"]
[BlackElo "2319"]
[WhiteElo "2476"]
[LiveChessVersion "1.4.8"]

1. e4 {[%clk 0:15:18]} c5 {[%clk 0:15:16]} 2. c3 {[%clk 0:15:26]} Nf6
{[%clk 0:15:21]} 3. e5 {[%clk 0:15:35]} Nd5 {[%clk 0:15:30]} 4. d4
{[%clk 0:15:44]} cxd4 {[%clk 0:15:38]} 5. cxd4 {[%clk 0:15:53]} e6
{[%clk 0:15:36]} 6. Nf3 {[%clk 0:16:01]} b6 {[%clk 0:15:38]} 7. Bc4
{[%clk 0:16:06]} Ba6 {[%clk 0:15:17]} 8. Bxa6 {[%clk 0:16:13]} Nxa6
{[%clk 0:15:26]} 9. O-O {[%clk 0:16:00]} Be7 {[%clk 0:15:33]} 10. Nbd2
{[%clk 0:16:06]} O-O {[%clk 0:15:08]} 11. Ne4 {[%clk 0:16:02]} f5
{[%clk 0:14:00]} 12. exf6 {[%clk 0:15:57]} Bxf6 {[%clk 0:12:33]} 13. Qe2
{[%clk 0:15:48]} Nab4 {[%clk 0:12:35]} 14. a3 {[%clk 0:15:40]} Nc6
{[%clk 0:12:42]} 15. Be3 {[%clk 0:15:25]} Qe7 {[%clk 0:12:02]} 16. Rfe1
{[%clk 0:14:21]} Rac8 {[%clk 0:11:23]} 17. Rad1 {[%clk 0:14:09]} h6
{[%clk 0:09:01]} 18. h3 {[%clk 0:14:10]} Na5 {[%clk 0:08:52]} 19. Nfd2
{[%clk 0:14:04]} Rc2 {[%clk 0:08:35]} 20. Qg4 {[%clk 0:14:08]} Kh8
{[%clk 0:08:11]} 21. b4 {[%clk 0:14:15]} Nc4 {[%clk 0:07:59]} 22. Nxc4
{[%clk 0:14:08]} Rxc4 {[%clk 0:07:53]} 23. Ng3 {[%clk 0:13:39]} Bh4
{[%clk 0:06:50]} 24. Rc1 {[%clk 0:11:49]} Bxg3 {[%clk 0:06:31]} 25. Qxg3
{[%clk 0:11:05]} Rfc8 {[%clk 0:06:17]} 26. Rxc4 {[%clk 0:11:05]} Rxc4
{[%clk 0:06:26]} 27. Qb8+ {[%clk 0:11:13]} Kh7 {[%clk 0:06:35]} 28. Qxa7 Qd6
{[%clk 0:06:11]} 29. Qa4 {[%clk 0:10:39]} Qc7 {[%clk 0:05:23]} 30. Qb3
{[%clk 0:10:38]} b5 {[%clk 0:04:56]} 31. Qd3+ {[%clk 0:10:40]} Kh8
{[%clk 0:04:59]} 32. Qe2 {[%clk 0:08:16]} Qc6 {[%clk 0:04:25]} 33. Qh5
{[%clk 0:05:30]} Kh7 {[%clk 0:02:14]} 34. Qf3 {[%clk 0:04:57]} Rc2
{[%clk 0:01:57]} 35. Qe4+ {[%clk 0:05:01]} Kh8 {[%clk 0:02:04]} 36. Qe5
{[%clk 0:03:42]} Kg8 {[%clk 0:01:59]} 37. Qg3 {[%clk 0:03:37]} Qc3
{[%clk 0:01:46]} 38. Rf1 {[%clk 0:02:52]} Kh7 {[%clk 0:01:53]} 39. Qf3
{[%clk 0:02:35]} Ra2 {[%clk 0:01:13]} 40. Qe4+ {[%clk 0:02:35]} Kg8
{[%clk 0:01:14]} 41. Kh2 {[%clk 0:01:23]} Rxa3 {[%clk 0:00:43]} 42. Rc1
{[%clk 0:01:26]} Qd3 {[%clk 0:00:52]} 43. Rc8+ {[%clk 0:01:23]} Kf7
{[%clk 0:01:01]} 44. Qf3+ {[%clk 0:01:23]} Qf5 {[%clk 0:01:10]} 45. Qg3
{[%clk 0:00:52]} Nf6 {[%clk 0:00:14]} 46. Rc5 {[%clk 0:00:49]} Nd5
{[%clk 0:00:20]} 47. Qd6 {[%clk 0:00:50]} Ra7 {[%clk 0:00:13]} 48. Qb8
{[%clk 0:00:46]} Ra1 {[%clk 0:00:21]} 49. Qxb5 {[%clk 0:00:51]} Ke7
{[%clk 0:00:15]} 50. Qb8 {[%clk 0:00:33]} Nxe3 {[%clk 0:00:20]} 51. fxe3
{[%clk 0:00:21]} Qf2 {[%clk 0:00:24]} 52. Qf4 {[%clk 0:00:21]} Qxf4+
{[%clk 0:00:22]} 53. exf4 {[%clk 0:00:30]} Rd1 {[%clk 0:00:31]} 54. Rc4
{[%clk 0:00:23]} d5 {[%clk 0:00:37]} 55. Rc7+ {[%clk 0:00:21]} Kf6
{[%clk 0:00:46]} 56. b5 {[%clk 0:00:13]} Rxd4 {[%clk 0:00:54]} 57. Kg3
{[%clk 0:00:17]} Rb4 {[%clk 0:00:59]} 58. Rb7 {[%clk 0:00:24]} Rb3+
{[%clk 0:01:01]} 59. Kf2 {[%clk 0:00:23]} Rb2+ {[%clk 0:01:01]} 60. Kf3
{[%clk 0:00:31]} Rb3+ {[%clk 0:01:10]} 61. Kf2 {[%clk 0:00:39]} g6
{[%clk 0:00:48]} 62. b6 {[%clk 0:00:45]} Kf5 {[%clk 0:00:48]} 63. Rf7+
{[%clk 0:00:54]} Ke4 {[%clk 0:00:57]} 64. b7 {[%clk 0:01:03]} d4 {[%clk 0:00:56]}
65. Ke2 {[%clk 0:01:00]} Rb2+ {[%clk 0:00:52]} 66. Kd1 {[%clk 0:01:08]} Kd3
{[%clk 0:00:58]} 67. Kc1 {[%clk 0:01:17]} Rb6 {[%clk 0:01:06]} 68. Re7
{[%clk 0:01:15]} g5 {[%clk 0:01:05]} 69. fxg5 {[%clk 0:01:02]} hxg5
{[%clk 0:01:14]} 70. g3 {[%clk 0:01:11]} Kc3 {[%clk 0:01:04]} 71. h4
{[%clk 0:01:11]} gxh4 {[%clk 0:00:48]} 72. gxh4 {[%clk 0:01:21]} e5
{[%clk 0:00:55]} 73. h5 {[%clk 0:01:25]} Kd3 {[%clk 0:00:18]} 74. h6
{[%clk 0:01:32]} Rc6+ {[%clk 0:00:27]} 75. Kb2 {[%clk 0:01:36]} Rb6+
{[%clk 0:00:29]} 76. Ka3 {[%clk 0:01:45]} Kc3 {[%clk 0:00:36]} 77. Rc7+
{[%clk 0:01:54]} Kd2 {[%clk 0:00:46]} 78. h7 {[%clk 0:02:03]} 1-0

[Event "Team Championship Russia (Rapid, Men)"]
[Site "Sochi"]
[Date "2018.10.08"]
[Round "3.28"]
[White "Chos, Alexey"]
[Black "Oganian, Miran"]
[Result "1-0"]
[BlackElo "2450"]
[WhiteElo "2304"]
[LiveChessVersion "1.4.8"]

1. e4 {[%clk 0:15:18]} c5 {[%clk 0:15:19]} 2. Nf3 {[%clk 0:15:26]} d6
{[%clk 0:15:27]} 3. d4 {[%clk 0:15:34]} cxd4 {[%clk 0:15:36]} 4. Nxd4
{[%clk 0:15:42]} Nf6 {[%clk 0:15:44]} 5. Nc3 {[%clk 0:15:51]} a6 {[%clk 0:15:52]}
6. Bg5 {[%clk 0:15:58]} Nbd7 {[%clk 0:15:59]} 7. Qf3 {[%clk 0:15:55]} e6
{[%clk 0:16:00]} 8. O-O-O {[%clk 0:15:53]} Be7 {[%clk 0:16:07]} 9. Kb1
{[%clk 0:15:54]} Qc7 {[%clk 0:16:02]} 10. Be2 {[%clk 0:15:27]} Rb8
{[%clk 0:15:14]} 11. g4 {[%clk 0:15:03]} b5 {[%clk 0:14:24]} 12. Rhe1
{[%clk 0:14:38]} b4 {[%clk 0:12:16]} 1-0

[Event "Team Championship Russia (Rapid, Men)"]
[Site "Sochi"]
[Date "2018.10.08"]
[Round "3.29"]
[White "Tsvetkov, Andrey"]
[Black "Potapov, Pavel"]
[Result "1/2-1/2"]
[BlackElo "2509"]
[WhiteElo "2167"]
[LiveChessVersion "1.4.8"]

1. Nf3 {[%clk 0:15:19]} c5 {[%clk 0:15:18]} 2. g3 {[%clk 0:15:27]} Nc6
{[%clk 0:15:26]} 3. Bg2 {[%clk 0:15:36]} g6 {[%clk 0:15:29]} 4. d4
{[%clk 0:15:25]} cxd4 {[%clk 0:15:32]} 5. Nxd4 {[%clk 0:15:33]} Bg7
{[%clk 0:15:39]} 6. Nxc6 {[%clk 0:15:22]} bxc6 {[%clk 0:15:47]} 7. c4
{[%clk 0:15:26]} Nf6 {[%clk 0:15:13]} 8. Nc3 {[%clk 0:15:32]} O-O
{[%clk 0:15:19]} 9. O-O {[%clk 0:15:37]} Rb8 {[%clk 0:14:46]} 10. Qa4
{[%clk 0:15:20]} a5 {[%clk 0:14:38]} 11. Qc2 {[%clk 0:14:51]} Bb7
{[%clk 0:14:03]} 12. Bf4 {[%clk 0:14:37]} d6 {[%clk 0:14:06]} 13. Rfd1
{[%clk 0:13:13]} c5 {[%clk 0:13:00]} 14. Bxb7 {[%clk 0:12:08]} Rxb7
{[%clk 0:13:08]} 15. Rab1 {[%clk 0:12:04]} Qa8 {[%clk 0:12:38]} 16. b3
{[%clk 0:11:26]} h5 {[%clk 0:12:05]} 17. h4 {[%clk 0:10:52]} Ng4 {[%clk 0:12:12]}
18. Nb5 {[%clk 0:10:05]} Ne5 {[%clk 0:11:40]} 19. Bxe5 {[%clk 0:07:02]} Bxe5
{[%clk 0:11:48]} 20. f4 {[%clk 0:06:56]} Bf6 {[%clk 0:11:46]} 21. e4
{[%clk 0:06:54]} Qc8 {[%clk 0:11:37]} 22. Rd3 {[%clk 0:06:05]} Qg4
{[%clk 0:11:37]} 23. Qd1 {[%clk 0:06:09]} Qh3 {[%clk 0:11:02]} 24. Qf1
{[%clk 0:06:11]} Qc8 {[%clk 0:10:38]} 25. a4 {[%clk 0:05:48]} Bg7
{[%clk 0:10:43]} 26. Qf3 {[%clk 0:05:20]} Rb8 {[%clk 0:10:46]} 27. Re1
{[%clk 0:05:22]} Qb7 {[%clk 0:10:40]} 28. Kg2 {[%clk 0:05:10]} Rbd8
{[%clk 0:10:20]} 29. Red1 {[%clk 0:05:05]} Rde8 {[%clk 0:10:08]} 30. Re1
{[%clk 0:04:47]} Qc6 {[%clk 0:07:13]} 31. Na7 {[%clk 0:04:22]} Qb7
{[%clk 0:07:03]} 32. Nb5 {[%clk 0:04:31]} Rb8 {[%clk 0:07:08]} 33. Rde3
{[%clk 0:03:57]} Rfe8 {[%clk 0:05:25]} 34. Rd3 {[%clk 0:03:45]} Red8
{[%clk 0:04:49]} 35. Red1 {[%clk 0:03:32]} Rdc8 {[%clk 0:03:45]} 36. Re1
{[%clk 0:03:33]} Kf8 {[%clk 0:02:58]} 37. Rde3 {[%clk 0:03:19]} Kg8
{[%clk 0:02:41]} 1/2-1/2

[Event "Team Championship Russia (Rapid, Men)"]
[Site "Sochi"]
[Date "2018.10.08"]
[Round "3.31"]
[White "Mochalin, Faddey"]
[Black "Belyakov, Bogdan"]
[Result "1-0"]
[BlackElo "2523"]
[WhiteElo "1911"]
[LiveChessVersion "1.4.8"]

1. d4 {[%clk 0:15:18]} d5 {[%clk 0:15:19]} 2. c4 {[%clk 0:15:26]} dxc4
{[%clk 0:15:28]} 3. Nf3 {[%clk 0:15:34]} a6 {[%clk 0:15:37]} 4. e3
{[%clk 0:15:37]} Bg4 {[%clk 0:15:45]} 5. Bxc4 {[%clk 0:15:39]} e6
{[%clk 0:15:53]} 6. O-O {[%clk 0:15:43]} Nc6 {[%clk 0:16:01]} 7. h3
{[%clk 0:15:47]} Bh5 {[%clk 0:16:10]} 8. Be2 {[%clk 0:15:50]} Nf6
{[%clk 0:16:17]} 9. Nc3 {[%clk 0:15:42]} Bd6 {[%clk 0:16:25]} 10. a3
{[%clk 0:15:40]} O-O {[%clk 0:16:32]} 11. b4 {[%clk 0:15:23]} Nd5
{[%clk 0:16:40]} 12. Bb2 {[%clk 0:15:24]} f5 {[%clk 0:16:47]} 13. Qb3
{[%clk 0:14:59]} Kh8 {[%clk 0:16:03]} 14. Rfe1 {[%clk 0:14:35]} Qf6
{[%clk 0:14:01]} 15. Nxd5 {[%clk 0:13:57]} exd5 {[%clk 0:14:02]} 16. Rac1
{[%clk 0:12:16]} Ne7 {[%clk 0:13:59]} 17. Ne5 {[%clk 0:12:05]} Be8
{[%clk 0:14:06]} 18. f4 {[%clk 0:11:42]} g5 {[%clk 0:13:59]} 19. a4
{[%clk 0:11:24]} Rg8 {[%clk 0:13:53]} 20. Rc2 {[%clk 0:11:05]} gxf4
{[%clk 0:13:55]} 21. exf4 {[%clk 0:11:13]} Qh4 {[%clk 0:13:52]} 22. Rf1
{[%clk 0:10:11]} Rg3 {[%clk 0:13:34]} 23. Rc3 {[%clk 0:10:10]} Rg7
{[%clk 0:13:41]} 24. Re3 {[%clk 0:10:01]} Bh5 {[%clk 0:10:25]} 25. Bxh5
{[%clk 0:09:41]} Qxh5 {[%clk 0:10:32]} 26. Rf2 {[%clk 0:09:13]} Rag8
{[%clk 0:08:48]} 27. Kh2 {[%clk 0:09:04]} Ng6 {[%clk 0:07:51]} 28. Qxd5
{[%clk 0:06:55]} Nxf4 {[%clk 0:06:22]} 29. Rxf4 {[%clk 0:06:43]} Qg5
{[%clk 0:06:30]} 30. g3 {[%clk 0:06:09]} Qf6 {[%clk 0:02:52]} 31. Qg2
{[%clk 0:05:33]} Qh6 {[%clk 0:02:48]} 32. d5 {[%clk 0:05:10]} Rf8
{[%clk 0:02:33]} 33. Qf3 {[%clk 0:04:38]} Kg8 {[%clk 0:02:39]} 34. Rxf5
{[%clk 0:03:07]} Rxf5 {[%clk 0:00:56]} 35. Qxf5 {[%clk 0:03:15]} Re7
{[%clk 0:00:50]} 36. Ng4 {[%clk 0:02:38]} Qg6 {[%clk 0:00:46]} 37. Qc8+
{[%clk 0:02:20]} Kf7 {[%clk 0:00:53]} 38. Rf3+ {[%clk 0:02:26]} 1-0

[Event "Team Championship Russia (Rapid, Men)"]
[Site "Sochi"]
[Date "2018.10.08"]
[Round "3.33"]
[White "Triapishko, Alexandr"]
[Black "Basiev, Valeriy P."]
[Result "1-0"]
[BlackElo "1997"]
[WhiteElo "2493"]
[LiveChessVersion "1.4.8"]

1. Nf3 {[%clk 0:15:17]} d6 {[%clk 0:15:06]} 2. d4 {[%clk 0:15:05]} f5
{[%clk 0:15:12]} 3. Nc3 {[%clk 0:14:49]} d5 {[%clk 0:15:08]} 4. Bf4
{[%clk 0:14:40]} Nf6 {[%clk 0:15:03]} 5. e3 {[%clk 0:14:44]} e6 {[%clk 0:14:53]}
6. Nb5 {[%clk 0:14:19]} Na6 {[%clk 0:14:59]} 7. Bd3 {[%clk 0:14:11]} c6
{[%clk 0:15:04]} 8. Nc3 {[%clk 0:14:19]} Nc7 {[%clk 0:14:16]} 9. O-O
{[%clk 0:14:19]} a6 {[%clk 0:13:44]} 10. Na4 {[%clk 0:13:57]} Bd6
{[%clk 0:11:35]} 11. Be5 {[%clk 0:13:27]} O-O {[%clk 0:11:25]} 12. Nb6
{[%clk 0:12:47]} Rb8 {[%clk 0:11:26]} 13. c4 {[%clk 0:12:47]} dxc4
{[%clk 0:10:29]} 14. Nxc4 {[%clk 0:12:41]} Bxe5 {[%clk 0:10:31]} 15. Nfxe5
{[%clk 0:12:08]} Ncd5 {[%clk 0:10:22]} 16. Rc1 {[%clk 0:11:53]} Bd7
{[%clk 0:09:07]} 17. Qd2 {[%clk 0:11:09]} Qe7 {[%clk 0:08:48]} 18. Qa5
{[%clk 0:10:31]} Be8 {[%clk 0:08:34]} 19. Qc5 {[%clk 0:10:06]} Qc7
{[%clk 0:07:09]} 20. Qd6 {[%clk 0:09:54]} Qxd6 {[%clk 0:06:17]} 21. Nxd6
{[%clk 0:10:02]} Nd7 {[%clk 0:06:25]} 22. Nec4 {[%clk 0:09:24]} c5
{[%clk 0:04:44]} 23. Na5 {[%clk 0:06:11]} cxd4 {[%clk 0:04:04]} 24. exd4
{[%clk 0:06:18]} Nf4 {[%clk 0:02:42]} 25. Rfd1 {[%clk 0:06:11]} Nxd3
{[%clk 0:02:47]} 26. Rxd3 {[%clk 0:06:18]} b5 {[%clk 0:02:06]} 27. Nc6
{[%clk 0:05:47]} Ra8 {[%clk 0:01:48]} 28. Re3 {[%clk 0:04:18]} Rf6
{[%clk 0:00:24]} 29. d5 {[%clk 0:03:47]} e5 {[%clk 0:00:20]} 30. Nxf5
{[%clk 0:03:42]} Kf7 {[%clk 0:00:13]} 31. Nxe5+ {[%clk 0:03:20]} Nxe5
{[%clk 0:00:14]} 32. Rxe5 {[%clk 0:03:28]} Bd7 {[%clk 0:00:15]} 33. Rc7
{[%clk 0:03:08]} Rd8 {[%clk 0:00:21]} 34. Ne3 {[%clk 0:02:26]} Kf8
{[%clk 0:00:17]} 35. f3 {[%clk 0:02:28]} a5 {[%clk 0:00:15]} 36. a3
{[%clk 0:02:18]} a4 {[%clk 0:00:23]} 37. Kf2 {[%clk 0:02:18]} Rf4
{[%clk 0:00:28]} 38. Re4 {[%clk 0:02:22]} Rf6 {[%clk 0:00:31]} 39. Rb7
{[%clk 0:02:11]} Rd6 {[%clk 0:00:27]} 40. g4 {[%clk 0:02:06]} Rc8
{[%clk 0:00:35]} 41. Kg3 {[%clk 0:02:01]} Rc1 {[%clk 0:00:41]} 42. Rf4+
{[%clk 0:01:56]} Ke8 {[%clk 0:00:43]} 43. Rb8+ {[%clk 0:01:53]} Ke7
{[%clk 0:00:46]} 44. Nf5+ {[%clk 0:01:43]} Bxf5 {[%clk 0:00:54]} 45. Rxf5
{[%clk 0:01:52]} Rc5 {[%clk 0:00:36]} 46. Rb7+ {[%clk 0:01:57]} Ke8
{[%clk 0:00:41]} 47. Re5+ {[%clk 0:01:41]} Kf8 {[%clk 0:00:32]} 48. Ree7
{[%clk 0:01:46]} Rg6 {[%clk 0:00:16]} 49. d6 {[%clk 0:01:37]} Rxd6
{[%clk 0:00:12]} 50. Rf7+ {[%clk 0:01:45]} Ke8 {[%clk 0:00:15]} 51. Rxg7
{[%clk 0:01:54]} Kf8 {[%clk 0:00:17]} 52. Rxh7 {[%clk 0:02:01]} Kg8
{[%clk 0:00:21]} 53. Rbg7+ {[%clk 0:02:05]} Kf8 {[%clk 0:00:30]} 54. h4
{[%clk 0:02:00]} Rd1 {[%clk 0:00:15]} 55. Rb7 {[%clk 0:01:46]} Kg8
{[%clk 0:00:21]} 56. h5 {[%clk 0:01:32]} Rb1 {[%clk 0:00:14]} 57. Rbg7+
{[%clk 0:01:35]} Kf8 {[%clk 0:00:24]} 58. h6 {[%clk 0:01:38]} Rg1+
{[%clk 0:00:15]} 59. Kf2 {[%clk 0:01:47]} 1-0

[Event "Team Championship Russia (Rapid, Men)"]
[Site "Sochi"]
[Date "2018.10.08"]
[Round "4.1"]
[White "Malakhov, Vladimir"]
[Black "Morozevich, Alexander"]
[Result "1-0"]
[BlackElo "2672"]
[WhiteElo "2648"]
[LiveChessVersion "1.4.8"]

1. Nf3 {[%clk 0:15:18]} d5 {[%clk 0:15:15]} 2. e3 {[%clk 0:15:26]} Nc6
{[%clk 0:14:47]} 3. d4 {[%clk 0:15:22]} Bg4 {[%clk 0:14:56]} 4. c4
{[%clk 0:15:11]} e5 {[%clk 0:14:29]} 5. dxe5 {[%clk 0:11:23]} dxc4
{[%clk 0:10:05]} 6. Qa4 {[%clk 0:11:18]} Bxf3 {[%clk 0:07:26]} 7. gxf3
{[%clk 0:11:26]} Qd5 {[%clk 0:07:35]} 8. Bxc4 {[%clk 0:05:37]} Qxf3
{[%clk 0:07:43]} 9. Rg1 {[%clk 0:05:45]} O-O-O {[%clk 0:06:57]} 10. Be2
{[%clk 0:05:19]} Qd5 {[%clk 0:07:06]} 11. f4 {[%clk 0:05:28]} f6 {[%clk 0:06:12]}
12. Nc3 {[%clk 0:04:38]} Qc5 {[%clk 0:06:21]} 13. exf6 {[%clk 0:03:36]} Nxf6
{[%clk 0:05:26]} 14. Bd2 {[%clk 0:03:44]} Qb6 {[%clk 0:04:29]} 15. Qb5
{[%clk 0:03:14]} g6 {[%clk 0:04:29]} 16. O-O-O {[%clk 0:03:04]} Bg7
{[%clk 0:02:23]} 17. Qxb6 {[%clk 0:02:33]} axb6 {[%clk 0:02:32]} 18. Kb1
{[%clk 0:02:42]} Rhe8 {[%clk 0:02:34]} 19. Bc1 {[%clk 0:02:49]} Bf8
{[%clk 0:02:24]} 20. Rxd8+ {[%clk 0:02:33]} Nxd8 {[%clk 0:02:22]} 21. Bf3
{[%clk 0:02:30]} c6 {[%clk 0:02:23]} 22. e4 {[%clk 0:01:46]} Bb4 {[%clk 0:02:28]}
23. e5 {[%clk 0:01:52]} Bxc3 {[%clk 0:02:35]} 24. bxc3 {[%clk 0:01:59]} Nd5
{[%clk 0:02:12]} 25. Bxd5 {[%clk 0:01:33]} cxd5 {[%clk 0:02:21]} 26. Rd1
{[%clk 0:01:43]} Ne6 {[%clk 0:02:20]} 27. Rxd5 {[%clk 0:01:51]} Rf8
{[%clk 0:02:27]} 28. Rd6 {[%clk 0:01:58]} Nc5 {[%clk 0:01:32]} 29. Rxb6
{[%clk 0:02:00]} Kc7 {[%clk 0:01:42]} 30. Rf6 {[%clk 0:01:59]} Ra8
{[%clk 0:01:48]} 31. Rf7+ {[%clk 0:01:50]} Kc6 {[%clk 0:01:57]} 32. Rxh7
{[%clk 0:01:59]} Kd5 {[%clk 0:02:05]} 33. Be3 {[%clk 0:01:54]} Ne4
{[%clk 0:02:05]} 34. Rxb7 {[%clk 0:01:44]} Kc4 {[%clk 0:02:00]} 35. Bd4
{[%clk 0:01:45]} Kd3 {[%clk 0:02:03]} 36. e6 {[%clk 0:01:44]} Nd6
{[%clk 0:02:11]} 37. Rd7 {[%clk 0:01:41]} 1-0